[Event "FRA Cup 0607"]
[Site "Toulouse"]
[Date "2007.02.18"]
[Round "4"]
[White "Fournier, Camille"]
[Black "Van Nuvel, Jean Michel"]
[Result "1-0"]
[WhiteElo "2095"]
[BlackElo "1828"]
[PlyCount "57"]
[EventDate "2007.??.??"]
[EventType "team-match"]
[EventCountry "FRA"]

1. d4 Nf6 2. c4 e6 3. Nc3 Bb4 4. e3 O-O 5. Bd3 b6 6. Nf3 Bb7 7. O-O d6 8. a3
Bxc3 9. bxc3 Nbd7 10. Nd2 e5 11. Qc2 Re8 12. e4 c5 13. d5 Nf8 14. f4 exf4 15.
Rxf4 Ng6 16. Rf5 Nh4 17. Rf1 Nd7 18. e5 Nxe5 19. Bxh7+ Kh8 20. Ne4 Qd7 21. Bg5
Nhg6 22. Bxg6 Nxg6 23. Rxf7 Qg4 24. Nf6 Qxg5 25. Nxe8 Rxe8 26. Rxb7 Nf4 27. Rf1
Ne2+ 28. Kh1 Qh6 29. Re7 1-0

[Event "FRA Cup 0607"]
[Site "Toulouse"]
[Date "2007.02.18"]
[Round "4"]
[White "Beaurain, Jerome"]
[Black "Breitenbach"]
[Result "1-0"]
[WhiteElo "2098"]
[BlackElo "1950"]
[PlyCount "57"]
[EventDate "2007.??.??"]
[EventType "team-match"]
[EventCountry "FRA"]

1. d4 Nf6 2. Nf3 c5 3. c3 e6 4. Bg5 Qb6 5. Qb3 d5 6. Nbd2 Bd7 7. e3 Bc6 8. Ne5
Nbd7 9. Be2 Nxe5 10. dxe5 Nd7 11. Bf4 Be7 12. O-O O-O-O 13. Qc2 g5 14. Bg3 h5
15. h3 g4 16. hxg4 hxg4 17. Bxg4 Rdg8 18. Bf3 Qd8 19. Rfd1 Qf8 20. Bf4 Bg5 21.
g3 Qh6 22. Kf1 Bb5+ 23. c4 dxc4 24. Nxc4 Bxf4 25. exf4 Qh2 26. Rac1 Rh3 27. Bg2
Rhxg3 28. fxg3 Rxg3 29. Bxb7+ 1-0

[Event "FRA Cup 0607"]
[Site "Toulouse"]
[Date "2007.02.18"]
[Round "4"]
[White "Raufaste"]
[Black "Beaurain, Louis"]
[Result "0-1"]
[WhiteElo "1460"]
[BlackElo "1940"]
[PlyCount "92"]
[EventDate "2007.??.??"]
[EventType "team-match"]
[EventCountry "FRA"]

1. d4 d5 2. c4 e6 3. Nc3 c5 4. cxd5 exd5 5. e3 Nf6 6. Nf3 c4 7. Qc2 Nc6 8. a3
a6 9. e4 dxe4 10. Nxe4 Qe7 11. Nfd2 Nxe4 12. Qxe4 Qxe4+ 13. Nxe4 Nxd4 14. Rb1
b5 15. Be3 Nc2+ 16. Kd2 Nxe3 17. Kxe3 f5 18. Nc3 Bc5+ 19. Ke2 Kf7 20. Nd1 Bb7
21. Kd2 Rad8+ 22. Kc3 Rhe8 23. f3 Re1 24. Kc2 Kf6 25. Rc1 b4 26. axb4 Bxb4 27.
Nc3 Bxc3 28. bxc3 Rxc1+ 29. Kxc1 Bd5 30. Be2 f4 31. Kc2 Rd6 32. Ra1 g5 33. h3
Be6 34. Rd1 Bf5+ 35. Kc1 Rxd1+ 36. Kxd1 Be6 37. Kc1 Ke5 38. Kb2 Kd5 39. Ka3 Bf5
40. Kb4 Bd3 41. Bxd3 cxd3 42. Kb3 Kc5 43. c4 d2 44. Kc2 Kxc4 45. Kxd2 Kd4 46.
Kd1 Kd3 0-1

[Event "FRA Cup 0607"]
[Site "Toulouse"]
[Date "2006.12.17"]
[Round "2"]
[White "Lanllier"]
[Black "Galby, Vassili"]
[Result "0-1"]
[WhiteElo "1880"]
[BlackElo "1947"]
[PlyCount "69"]
[EventDate "2007.??.??"]
[EventType "team-match"]
[EventCountry "FRA"]

1. d4 Nf6 2. c4 g6 3. Nc3 Bg7 4. e4 d6 5. Nge2 O-O 6. f3 e5 7. Bg5 c6 8. Qd2
Nbd7 9. d5 c5 10. g4 a6 11. Ng3 Qa5 12. h4 Kh8 13. h5 Ng8 14. Bd3 Rb8 15. O-O-O
b5 16. hxg6 fxg6 17. Rxh7+ Kxh7 18. Rh1+ Nh6 19. Bxh6 Kg8 20. Bxg7 Kxg7 21.
Qh6+ Kf7 22. Qh7+ Ke8 23. Qxg6+ Kd8 24. Qxd6 Rb6 25. Qxf8+ Nxf8 26. cxb5 axb5
27. Kb1 c4 28. Bc2 b4 29. Nd1 b3 30. axb3 cxb3 31. Bd3 Ba6 32. Bxa6 Rxa6 33.
Kc1 Qc5+ 34. Kd2 Qc2+ 35. Ke3 0-1

[Event "FRA Cup 0607"]
[Site "Toulouse"]
[Date "2006.12.17"]
[Round "2"]
[White "Faure, Nicolas"]
[Black "Ferreira"]
[Result "0-1"]
[WhiteElo "2089"]
[BlackElo "1750"]
[PlyCount "109"]
[EventDate "2007.??.??"]
[EventType "team-match"]
[EventCountry "FRA"]

1. d4 d5 2. Nf3 Nf6 3. g3 Nbd7 4. Bg2 c5 5. c4 e6 6. cxd5 exd5 7. O-O Be7 8.
Nc3 cxd4 9. Qxd4 Nb6 10. Rd1 Be6 11. Ng5 Rc8 12. Nxe6 fxe6 13. Qe5 Qd6 14. Qxd6
Bxd6 15. e4 Be5 16. exd5 Bxc3 17. bxc3 Nbxd5 18. Bd2 Kf7 19. Rab1 b6 20. Rdc1
Nd7 21. c4 N5f6 22. Bf4 Nc5 23. Bd6 Nfe4 24. Be5 Rhd8 25. Rd1 g6 26. Bd4 Nd6
27. Bxc5 Rxc5 28. Rb4 Ke7 29. Ra4 a5 30. Bf1 Rdc8 31. Rb1 Nxc4 32. Bxc4 Rxc4
33. Rxc4 Rxc4 34. Rxb6 Ra4 35. Rb2 Kd6 36. Rc2 Kd5 37. Kf1 Kd4 38. Ke2 Rb4 39.
f4 a4 40. Kd2 a3 41. Kc1 Kd3 42. Rd2+ Ke3 43. Rg2 Rc4+ 44. Rc2 Ra4 45. Rc6 Kf3
46. Rxe6 Rc4+ 47. Kd2 Rb4 48. Re3+ Kg4 49. Re2 Rb2+ 50. Kd3 Kh3 51. Rxb2 axb2
52. Kc2 Kxh2 53. a4 b1=Q+ 54. Kxb1 Kxg3 55. a5 0-1

[Event "FRA Cup 0607"]
[Site "Toulouse"]
[Date "2006.12.17"]
[Round "2"]
[White "Iwanesko, Alexandre"]
[Black "Luneau, Gilles"]
[Result "0-1"]
[WhiteElo "1866"]
[BlackElo "1904"]
[PlyCount "25"]
[EventDate "2007.??.??"]
[EventType "team-match"]
[EventCountry "FRA"]

1. Nf3 c5 2. e4 e6 3. d4 cxd4 4. Nxd4 a6 5. Nc3 Qc7 6. Be3 Nf6 7. f3 Bb4 8. Qd2
d5 9. Bd3 e5 10. Nf5 Bxf5 11. exf5 d4 12. Bxd4 exd4 13. Qf4 0-1

[Event "FRA Cup 0607"]
[Site "Toulouse"]
[Date "2006.12.17"]
[Round "2"]
[White "Masot, Liberto"]
[Black "Jammot"]
[Result "0-1"]
[WhiteElo "1728"]
[BlackElo "1420"]
[PlyCount "76"]
[EventDate "2007.??.??"]
[EventType "team-match"]
[EventCountry "FRA"]

1. d4 c6 2. Nf3 Nf6 3. e3 d5 4. Bd3 Bg4 5. Nbd2 e6 6. h3 Bh5 7. c3 Be7 8. Qb3
Qb6 9. Ne5 Nbd7 10. f4 Nxe5 11. fxe5 Nd7 12. O-O c5 13. Qxb6 axb6 14. e4 Bg6
15. Bb1 O-O 16. exd5 exd5 17. Bxg6 hxg6 18. Nf3 cxd4 19. cxd4 Rfe8 20. Bf4 f6
21. a3 fxe5 22. Nxe5 Nxe5 23. Bxe5 Rac8 24. Rac1 Bg5 25. Rxc8 Rxc8 26. Bf4 Bf6
27. Rd1 Rc4 28. Be3 b5 29. Kf1 Rc2 30. Rd2 Rxd2 31. Bxd2 Bxd4 32. Bc3 Bf6 33.
Ke2 Kf7 34. Ke3 Ke6 35. Bd4 Kf5 36. g3 g5 37. Bc3 g4 38. Bxf6 gxh3 0-1

[Event "FRA Cup 0607"]
[Site "Toulouse"]
[Date "2007.01.07"]
[Round "3"]
[White "Franca, Ricardo Bedin"]
[Black "Van Elst, Andreas"]
[Result "0-1"]
[WhiteElo "2210"]
[BlackElo "2305"]
[PlyCount "78"]
[EventDate "2007.??.??"]
[EventType "team-match"]
[EventCountry "FRA"]

1. e4 c5 2. Nc3 a6 3. g3 b5 4. Bg2 Bb7 5. d3 e6 6. Nf3 Nf6 7. Qe2 d5 8. e5 Nfd7
9. h4 Nc6 10. O-O Be7 11. Bf4 Nd4 12. Qd2 Rc8 13. Rae1 Qa5 14. Bg5 Nxf3+ 15.
Bxf3 Bxg5 16. Qxg5 O-O 17. Bg2 h6 18. Qg4 Qb4 19. f4 Qxb2 20. Nd1 Qd4+ 21. Kh2
c4 22. dxc4 Rxc4 23. c3 Qd3 24. Nb2 Qxc3 25. Nxc4 bxc4 26. Qh5 Nc5 27. f5 exf5
28. Qxf5 Bc8 29. Qb1 Be6 30. Re2 Nd3 31. Qa1 Qxa1 32. Rxa1 Rb8 33. Rd1 Bg4 34.
Rxd3 cxd3 35. Rd2 Bf5 36. Bxd5 Rc8 37. Bb3 Rc2 38. Rg2 Rxg2+ 39. Kxg2 Bg4 0-1

[Event "FRA Cup 0607"]
[Site "Toulouse"]
[Date "2007.01.07"]
[Round "3"]
[White "Luminais, Eric"]
[Black "Faure, Nicolas"]
[Result "1-0"]
[WhiteElo "2213"]
[BlackElo "2073"]
[PlyCount "131"]
[EventDate "2007.??.??"]
[EventType "team-match"]
[EventCountry "FRA"]

1. e4 c5 2. Nf3 d6 3. c3 Nf6 4. h3 Nc6 5. Bd3 c4 6. Bxc4 Nxe4 7. d4 d5 8. Bd3
e6 9. Bf4 Be7 10. Nbd2 f5 11. Ne5 O-O 12. O-O Nxe5 13. Bxe5 Bd7 14. f3 Ng5 15.
Re1 Nf7 16. Bh2 Bh4 17. Re2 Qb6 18. Qb3 Qc6 19. a4 Nd6 20. Qb4 f4 21. Qc5 Be7
22. Nb3 Rf6 23. Qxc6 Bxc6 24. Nc5 Nc4 25. Nxe6 Bd6 26. Nc5 Ne3 27. Bb5 Rd8 28.
Nd3 g5 29. Kh1 Bd7 30. Bxd7 Rxd7 31. Bg1 Re6 32. Bf2 Rde7 33. Rae1 Kf7 34. Kg1
h5 35. g3 Nf5 36. Rxe6 Rxe6 37. gxf4 gxf4 38. Rxe6 Kxe6 39. Kf1 h4 40. Be1 Ne3+
41. Ke2 Nf5 42. Kf2 Ng3 43. Bd2 Kf5 44. b3 Nh1+ 45. Ke1 Ng3 46. c4 dxc4 47.
bxc4 Nh5 48. Bb4 Bxb4+ 49. Nxb4 Ng7 50. d5 a5 51. Nd3 b6 52. Kd2 Nh5 53. Kc3
Ng3 54. c5 bxc5 55. Kc4 Ne2 56. Kxc5 Ng1 57. d6 Nxf3 58. d7 Ng5 59. Kd6 f3 60.
Ke7 Ne6 61. Nc5 f2 62. Nxe6 f1=Q 63. d8=Q Qxh3 64. Qxa5+ Kg4 65. Qb4+ Kg3 66.
Qc3+ 1-0

[Event "FRA Cup 0607"]
[Site "Toulouse"]
[Date "2007.01.07"]
[Round "3"]
[White "Sasot, Allan"]
[Black "Bolon, Karelle"]
[Result "0-1"]
[WhiteElo "2153"]
[BlackElo "2087"]
[PlyCount "88"]
[EventDate "2007.??.??"]
[EventType "team-match"]
[EventCountry "FRA"]

1. d4 d5 2. c4 c6 3. Nc3 e6 4. e3 Nf6 5. Nf3 Nbd7 6. Bd3 dxc4 7. Bxc4 b5 8. Bd3
Bb7 9. O-O a6 10. e4 c5 11. e5 cxd4 12. Nxb5 axb5 13. exf6 Qxf6 14. Bxb5 Bxf3
15. Qxf3 Qxf3 16. gxf3 Bc5 17. Bd2 Ke7 18. Rfc1 Bd6 19. a4 Ne5 20. Kg2 Ng6 21.
Kf1 Bxh2 22. Bb4+ Kf6 23. Rc4 Rhd8 24. Rd1 Be5 25. Bc5 d3 26. b4 h5 27. Bb6 Rd6
28. Bc7 Rd4 29. Rxd4 Bxd4 30. Rxd3 e5 31. a5 Rc8 32. Bd6 Rc1+ 33. Ke2 Nf4+ 34.
Kd2 Nxd3 35. Bxd3 Rc6 36. Bb8 Rc8 37. Bd6 Ke6 38. Bc5 Bxc5 39. bxc5 Rxc5 40. a6
f5 41. Bf1 g5 42. Ke3 h4 43. Bg2 Ra5 44. Bf1 Ra1 0-1

[Event "FRA Cup 0607"]
[Site "Toulouse"]
[Date "2007.01.07"]
[Round "3"]
[White "Camel, Lorenzo"]
[Black "Benmesbah, Natacha"]
[Result "0-1"]
[WhiteElo "2078"]
[BlackElo "2179"]
[PlyCount "128"]
[EventDate "2007.??.??"]
[EventType "team-match"]
[EventCountry "FRA"]

1. Nc3 c5 2. Nf3 Nf6 3. d4 cxd4 4. Qxd4 Nc6 5. Qh4 d6 6. e4 Nb4 7. Bd3 Nxd3+ 8.
cxd3 e6 9. O-O Be7 10. Ne1 O-O 11. Qg3 Ne8 12. Nc2 f5 13. f4 Nf6 14. Kh1 Rb8
15. Be3 b6 16. Nd4 Qd7 17. Bg1 Bb7 18. Rae1 Rbe8 19. exf5 exf5 20. Ne6 Rf7 21.
Bd4 Nh5 22. Qh3 Bf6 23. Qxh5 Rxe6 24. Bf2 Qc6 25. Rg1 Rxe1 26. Bxe1 Bd4 27. Qh3
Bxg1 28. Kxg1 Re7 29. Bf2 Re6 30. Kf1 b5 31. a3 a5 32. Qf3 Qxf3 33. gxf3 b4 34.
axb4 axb4 35. Nb5 Ba6 36. Nd4 Bxd3+ 37. Kg2 Re8 38. b3 Kf7 39. Nc6 Bc2 40. Nxb4
Bxb3 41. Nc6 g6 42. h4 Bc4 43. Kg3 Re2 44. Nd4 Rd2 45. Be3 Rd3 46. Bf2 Kf6 47.
Kg2 h6 48. Kg3 Bd5 49. Kg2 g5 50. fxg5+ hxg5 51. hxg5+ Kxg5 52. Kg3 f4+ 53. Kg2
Kf6 54. Nc2 Bxf3+ 55. Kf1 Ke5 56. Be1 Ke4 57. Ba5 d5 58. Kf2 Rb3 59. Ke1 Rb2
60. Kd2 d4 61. Kc1 Rb5 62. Be1 Kd3 63. Nb4+ Ke2 64. Bd2 Be4 0-1

[Event "FRA Cup 0607"]
[Site "Toulouse"]
[Date "2007.02.18"]
[Round "4"]
[White "Van Elst, Andreas"]
[Black "Tarayre, Pascal"]
[Result "1-0"]
[WhiteElo "2305"]
[BlackElo "1855"]
[PlyCount "49"]
[EventDate "2007.??.??"]
[EventType "team-match"]
[EventCountry "FRA"]

1. d4 Nf6 2. c4 g6 3. Nc3 Bg7 4. e4 d6 5. Nf3 O-O 6. Be2 e5 7. O-O exd4 8. Nxd4
Nbd7 9. f4 Re8 10. Bf3 c6 11. Nb3 Qe7 12. Be3 a5 13. Re1 a4 14. Nd4 Nc5 15. Bf2
Nfd7 16. Rb1 Nb6 17. b3 axb3 18. axb3 Bd7 19. Qc2 Ra3 20. Ra1 Rea8 21. Rxa3
Rxa3 22. Nb1 Ra1 23. b4 Na6 24. Qb3 Be6 25. Nxe6 1-0

[Event "FRA Cup 0607"]
[Site "Toulouse"]
[Date "2007.02.18"]
[Round "4"]
[White "Jacquart, Christian"]
[Black "Tournier, M."]
[Result "1/2-1/2"]
[WhiteElo "1950"]
[BlackElo "2252"]
[PlyCount "54"]
[EventDate "2007.??.??"]
[EventType "team-match"]
[EventCountry "FRA"]

1. d4 d5 2. c4 c6 3. cxd5 cxd5 4. Nf3 Nf6 5. Nc3 Nc6 6. Bf4 Ne4 7. e3 Nxc3 8.
bxc3 g6 9. Ne5 Bg7 10. Nxc6 bxc6 11. Bd3 O-O 12. O-O f6 13. Qb3 e5 14. dxe5
fxe5 15. Bg3 Be6 16. e4 Qa5 17. Rfe1 Qc5 18. Rac1 Rae8 19. Qc2 Bc8 20. Rb1 a6
21. h3 Re7 22. Re2 Ref7 23. Rf1 dxe4 24. Bxe4 Be6 25. Rfe1 Bf5 26. Qb3 Kh8 27.
Qb4 Qa7 1/2-1/2

[Event "FRA Cup 0607"]
[Site "Toulouse"]
[Date "2007.02.18"]
[Round "4"]
[White "Treinsoutrot, Victor"]
[Black "Luminais, Eric"]
[Result "0-1"]
[WhiteElo "1894"]
[BlackElo "2213"]
[PlyCount "26"]
[EventDate "2007.??.??"]
[EventType "team-match"]
[EventCountry "FRA"]

1. d4 Nf6 2. c4 e6 3. Nc3 Bb4 4. e3 c5 5. dxc5 Bxc3+ 6. bxc3 Qa5 7. Qc2 Na6 8.
e4 Nxe4 9. Bb2 f5 10. Nf3 Naxc5 11. Bd3 Qb6 12. Bxe4 fxe4 13. Ne5 d6 0-1

[Event "FRA Cup 0607"]
[Site "Toulouse"]
[Date "2007.02.18"]
[Round "4"]
[White "Heinis, Vincent"]
[Black "Garrel, Pascal"]
[Result "1-0"]
[WhiteElo "2156"]
[BlackElo "1693"]
[PlyCount "121"]
[EventDate "2007.??.??"]
[EventType "team-match"]
[EventCountry "FRA"]

1. d4 d6 2. c4 Nf6 3. Nc3 Nbd7 4. e4 e5 5. Nf3 Be7 6. Be2 O-O 7. O-O a5 8. Re1
Re8 9. Bf1 exd4 10. Nxd4 Nc5 11. f3 Nfd7 12. f4 Bf8 13. g3 Nf6 14. Qc2 a4 15.
Bg2 c6 16. h3 Be6 17. Nxe6 fxe6 18. Be3 Nfd7 19. Rad1 Qf6 20. Kh2 Qg6 21. g4 e5
22. f5 Qf7 23. Bf1 Nb6 24. b4 axb3 25. axb3 Ra3 26. Rb1 Rea8 27. Rb2 Qe7 28.
Ra2 Rxa2 29. Nxa2 Ra3 30. Nc1 Qh4 31. Bf2 Qg5 32. Bg2 Ra1 33. Qb2 Ra8 34. Be3
Qf6 35. g5 Qe7 36. Rg1 g6 37. h4 gxf5 38. exf5 e4 39. Bf4 Nd3 40. Nxd3 exd3 41.
Qd4 Nd7 42. Qxd3 Nc5 43. Qc2 Ra3 44. Rb1 h6 45. Kg3 h5 46. Bf3 Nxb3 47. f6 Qe8
48. Rxb3 Qe1+ 49. Kh3 Qf1+ 50. Kg3 Qg1+ 51. Bg2 Qe1+ 52. Kh3 Qe6+ 53. Kh2 Rxb3
54. Qxb3 Qg4 55. Qg3 Qe6 56. Qd3 Qg4 57. Bg3 Qe6 58. Qg6+ Kh8 59. Qxh5+ Kg8 60.
Qg6+ Kh8 61. Be4 1-0

[Event "FRA Cup 0607"]
[Site "Toulouse"]
[Date "2007.02.18"]
[Round "2"]
[White "Partinico, Jeremy"]
[Black "Canovas, V."]
[Result "1/2-1/2"]
[WhiteElo "1964"]
[BlackElo "1599"]
[PlyCount "120"]
[EventDate "2007.??.??"]
[EventType "team-match"]
[EventCountry "FRA"]

1. e4 g6 2. d4 Bg7 3. Nc3 d6 4. Be3 Nf6 5. Qd2 O-O 6. f3 e5 7. O-O-O exd4 8.
Bxd4 Nc6 9. Be3 Be6 10. g4 a6 11. h4 b5 12. Bh6 b4 13. Nd5 a5 14. h5 Ne5 15.
Bxg7 Kxg7 16. hxg6 fxg6 17. Qh6+ Kf7 18. g5 Bxd5 19. gxf6 Bxa2 20. f4 Ng4 21.
Qxh7+ Kxf6 22. Qh4+ Kg7 23. Qxg4 Qf6 24. f5 Bf7 25. Bg2 Rae8 26. Rf1 a4 27.
fxg6 Qxg6 28. Qxg6+ Bxg6 29. Rxf8 Rxf8 30. Nh3 Re8 31. Re1 d5 32. Nf4 Bxe4 33.
Nxd5 Bxg2 34. Rxe8 Bxd5 35. Re7+ Kf6 36. Rxc7 Ke6 37. Ra7 Bc6 38. Kd2 Kd5 39.
Ke3 Kc5 40. Kd2 a3 41. bxa3 Kb6 42. Rg7 bxa3 43. Rg3 a2 44. Ra3 Bd5 45. Kd3 Kc5
46. Kc3 Bf7 47. Kb2 Be6 48. Re3 Bf7 49. Re5+ Kb6 50. Re7 Bg8 51. Re8 Bd5 52.
Rc8 Kb5 53. Rc3 Kb4 54. Ra3 Bg8 55. Ra7 Be6 56. c3+ Kb5 57. Kc2 Kc5 58. Kd3 Bb3
59. Ra3 Bg8 60. Ke4 Kc4 1/2-1/2

[Event "FRA Cup 0607"]
[Site "Toulouse"]
[Date "2007.02.18"]
[Round "2"]
[White "Viaud, Thierry"]
[Black "Camilleri, Herve"]
[Result "0-1"]
[WhiteElo "1650"]
[BlackElo "1930"]
[PlyCount "82"]
[EventDate "2007.??.??"]
[EventType "team-match"]
[EventCountry "FRA"]

1. d4 d5 2. Nf3 b6 3. e3 Bb7 4. Bd3 Nd7 5. Nbd2 Ngf6 6. O-O e6 7. Re1 c5 8. c3
Bd6 9. e4 dxe4 10. Nxe4 Nxe4 11. Bxe4 Bxe4 12. Rxe4 Nf8 13. Qa4+ Qd7 14. Qxd7+
Nxd7 15. Bg5 h6 16. Bf4 Bxf4 17. Rxf4 f6 18. Re4 Kf7 19. Rae1 Rhe8 20. g3 Rac8
21. c4 cxd4 22. Rxd4 Re7 23. Red1 Rc7 24. b3 e5 25. Rd6 Nc5 26. Nh4 g6 27. Ng2
Rcd7 28. Ne3 Rxd6 29. Rxd6 Rd7 30. Rxd7+ Nxd7 31. b4 Ke6 32. Kf1 e4 33. Ke2 Ne5
34. h3 f5 35. a3 g5 36. c5 bxc5 37. bxc5 f4 38. Ng4 Nxg4 39. hxg4 Kd5 40. gxf4
gxf4 41. f3 e3 0-1

[Event "FRA Cup 0607"]
[Site "Toulouse"]
[Date "2007.02.18"]
[Round "2"]
[White "Poussy, D."]
[Black "Pastorelli, Loic"]
[Result "0-1"]
[WhiteElo "1420"]
[BlackElo "1808"]
[PlyCount "138"]
[EventDate "2007.??.??"]
[EventType "team-match"]
[EventCountry "FRA"]

1. c4 Nf6 2. d4 d6 3. Nc3 e5 4. dxe5 dxe5 5. Qxd8+ Kxd8 6. Bg5 c6 7. O-O-O+ Kc7
8. Ne4 Be7 9. Nxf6 gxf6 10. Bd2 Be6 11. e3 Nd7 12. Kb1 a5 13. Rc1 b6 14. Ne2
Nc5 15. Nc3 Bf5+ 16. Ka1 Rhd8 17. Be1 Nd3 18. Bxd3 Rxd3 19. Rd1 Rad8 20. Rxd3
Rxd3 21. e4 Be6 22. f3 Bxc4 23. b3 Be6 24. Na4 Rd1+ 25. Kb2 Bb4 26. Nc3 Rd7 27.
Na4 Bxe1 28. Rxe1 Rd2+ 29. Kb1 Rxg2 30. Rc1 Rf2 31. Nc3 Rxf3 32. Nb5+ Kd7 33.
Rd1+ Ke7 34. Na7 Bd7 35. Rc1 Kd6 36. Rg1 h5 37. Rg7 Ke7 38. Rg8 Rf4 39. Nc8+
Bxc8 40. Rxc8 Kd7 41. Rf8 Rxe4 42. Rxf7+ Ke6 43. Rg7 Kd6 44. Rg8 Kc5 45. Rg6
Rf4 46. Rg2 b5 47. Kc2 a4 48. Kd3 axb3 49. axb3 Kb4 50. Rc2 c5 51. Ke3 c4 52.
bxc4 bxc4 53. Ra2 Kb3 54. Ra8 c3 55. Rb8+ Rb4 56. Rd8 c2 57. Rd3+ Kb2 58. Rd2
f5 59. Rf2 Re4+ 60. Kd3 Rd4+ 61. Ke3 f4+ 62. Kf3 Kb1 63. Rf1+ Rd1 64. Kf2 Rxf1+
65. Kxf1 c1=Q+ 66. Kf2 Qe3+ 67. Kg2 f3+ 68. Kh3 Qg1 69. Kh4 Qg4# 0-1

[Event "FRA Cup 0607"]
[Site "Toulouse"]
[Date "2007.02.18"]
[Round "2"]
[White "Moiseyev, Vlas"]
[Black "Franca, Ricardo Bedin"]
[Result "0-1"]
[WhiteElo "1928"]
[BlackElo "2210"]
[PlyCount "84"]
[EventDate "2007.??.??"]
[EventType "team-match"]
[EventCountry "FRA"]

1. e4 c5 2. Nf3 d6 3. d4 cxd4 4. Nxd4 Nf6 5. Nc3 g6 6. Be3 Bg7 7. Be2 O-O 8.
Qd2 Nc6 9. f3 d5 10. exd5 Nxd5 11. Nxd5 Qxd5 12. Nxc6 Qxc6 13. c3 e5 14. O-O
Be6 15. Rfd1 Rfc8 16. f4 e4 17. Qd6 Qe8 18. Qb4 f5 19. Bd4 Qf7 20. Bxg7 Kxg7
21. Rd4 b6 22. Rad1 Rc7 23. a4 Re8 24. Rd8 Rxd8 25. Rxd8 Rd7 26. Rxd7 Qxd7 27.
Kf2 Kf7 28. Ke3 Qd8 29. Qd4 Qh4 30. a5 Qxh2 31. Qe5 Qg1+ 32. Kd2 Qc5 33. Qxc5
bxc5 34. b4 cxb4 35. cxb4 Ke7 36. Kc3 Kd6 37. Kd4 h6 38. b5 g5 39. fxg5 hxg5
40. g4 fxg4 41. Kxe4 g3 42. Kf3 Bg4+ 0-1

[Event "FRA Cup 0607"]
[Site "Toulouse"]
[Date "2007.02.18"]
[Round "2"]
[White "Faure, Nicolas"]
[Black "Artis, Paul"]
[Result "1-0"]
[WhiteElo "2073"]
[BlackElo "1580"]
[PlyCount "95"]
[EventDate "2007.??.??"]
[EventType "team-match"]
[EventCountry "FRA"]

1. e4 e5 2. Nf3 Nc6 3. Bb5 Nf6 4. O-O d6 5. d4 Bd7 6. Nc3 Be7 7. Re1 O-O 8.
Bxc6 Bxc6 9. dxe5 dxe5 10. Qxd8 Raxd8 11. Nxe5 Bxe4 12. Nxe4 Nxe4 13. Bf4 Nf6
14. Nc6 bxc6 15. Rxe7 Nd5 16. Re4 Nxf4 17. Rxf4 Rd2 18. Rc4 Rfd8 19. g3 Rd1+
20. Rxd1 Rxd1+ 21. Kg2 Rd6 22. Ra4 Kf8 23. c4 Ke7 24. Rxa7 Kd7 25. c5 Rd2 26.
b4 Rb2 27. a3 Rb3 28. Ra8 h5 29. h3 g6 30. g4 h4 31. Rh8 Rxa3 32. Rxh4 Rd3 33.
g5 Ke6 34. Re4+ Kf5 35. Re7 Kxg5 36. Rxf7 Rd4 37. Rxc7 Rxb4 38. Rxc6 Rc4 39.
Rc8 Kf6 40. c6 Ke5 41. c7 Kd6 42. Rg8 Kxc7 43. Rxg6 Kd7 44. Rg4 Rc6 45. Re4 Re6
46. Rxe6 Kxe6 47. f4 Kf6 48. Kf3 1-0

[Event "FRA Cup 0607"]
[Site "Toulouse"]
[Date "2007.02.18"]
[Round "2"]
[White "Constantin, David"]
[Black "Charruyer, Baptiste"]
[Result "1-0"]
[WhiteElo "2083"]
[BlackElo "1430"]
[PlyCount "83"]
[EventDate "2007.??.??"]
[EventType "team-match"]
[EventCountry "FRA"]

1. d4 d5 2. Nf3 Nf6 3. c4 c6 4. Nc3 Bf5 5. cxd5 Nxd5 6. Qb3 Qb6 7. Nxd5 Qxb3 8.
Nc7+ Kd8 9. axb3 Kxc7 10. Ne5 f6 11. Nc4 e6 12. Bf4+ e5 13. dxe5 Bb4+ 14. Bd2
Bxd2+ 15. Kxd2 Rd8+ 16. Kc3 fxe5 17. Nxe5 Rd5 18. Nc4 Nd7 19. f3 Be6 20. e4 Rc5
21. b4 Rg5 22. g3 Nb6 23. f4 Rh5 24. Ne3 Rh6 25. Bd3 Bh3 26. Ra5 Bd7 27. h4 Rd6
28. e5 Nd5+ 29. Nxd5+ Rxd5 30. Rxd5 cxd5 31. Bxh7 Bg4 32. Kd4 Bf3 33. Rc1+ Kd7
34. f5 Rh8 35. Bg6 Be4 36. h5 Rf8 37. g4 Bf3 38. g5 Bxh5 39. Bxh5 Rxf5 40. Bg4
Ke6 41. g6 b6 42. Rc6+ 1-0

[Event "FRA Cup 0607"]
[Site "Toulouse"]
[Date "2007.02.18"]
[Round "2"]
[White "Chahed, S."]
[Black "Camel, Lorenzo"]
[Result "0-1"]
[WhiteElo "1251"]
[BlackElo "2078"]
[PlyCount "52"]
[EventDate "2007.??.??"]
[EventType "team-match"]
[EventCountry "FRA"]

1. e4 d6 2. Nf3 g6 3. Bc4 Bg7 4. h3 Nf6 5. d3 O-O 6. O-O c6 7. Re1 e5 8. c3
Nbd7 9. Nbd2 Qc7 10. Nf1 b5 11. Bb3 Nc5 12. d4 Nxb3 13. axb3 h6 14. Ng3 Be6 15.
Qc2 Nd7 16. c4 bxc4 17. bxc4 exd4 18. Rd1 c5 19. Ra2 Rfb8 20. b3 Qb7 21. Ra3
Qb4 22. Bb2 Bxc4 23. Rb1 Bxb3 24. Rxb3 Qxb3 25. Qd2 d3 26. Rc1 Qxb2 0-1

[Event "FRA Cup 0607"]
[Site "Toulouse"]
[Date "2007.03.25"]
[Round "3"]
[White "Hervet, Gilles"]
[Black "Devecchi, Jorge"]
[Result "1-0"]
[WhiteElo "2090"]
[BlackElo "1890"]
[PlyCount "33"]
[EventDate "2007.??.??"]
[EventType "team-match"]
[EventCountry "FRA"]

1. e4 e6 2. d4 d5 3. Nc3 Bb4 4. e5 c5 5. a3 Bxc3+ 6. bxc3 Ne7 7. Qg4 cxd4 8.
Bd3 Qc7 9. Ne2 Nbc6 10. cxd4 Bd7 11. O-O Ng6 12. h4 h5 13. Qg3 Nce7 14. Bg5 Nf5
15. Bxf5 exf5 16. e6 Qxg3 17. fxg3 1-0

[Event "FRA Cup 0607"]
[Site "Toulouse"]
[Date "2007.03.25"]
[Round "3"]
[White "Rouede, Gilbert"]
[Black "Partinico, Jeremy"]
[Result "1-0"]
[WhiteElo "1820"]
[BlackElo "1964"]
[PlyCount "59"]
[EventDate "2007.??.??"]
[EventType "team-match"]
[EventCountry "FRA"]

1. e4 c5 2. Nf3 e6 3. d4 cxd4 4. Nxd4 Nf6 5. Nc3 Nc6 6. Be3 Bb4 7. Bd3 d5 8.
Nxc6 bxc6 9. exd5 cxd5 10. Bd4 O-O 11. O-O a5 12. Qf3 Ba6 13. Nb5 Be7 14. Rfe1
h6 15. Be5 Nd7 16. Bg3 Nc5 17. Nc7 Nxd3 18. cxd3 Ra7 19. Rac1 Qd7 20. Nxa6 Rxa6
21. Rc7 Qd8 22. Rec1 Bd6 23. Bxd6 Qxd6 24. d4 f6 25. Qg4 Rf7 26. Rc8+ Kh7 27.
Qh5 Raa7 28. R8c6 Qf4 29. Qe2 Rac7 30. Qc2+ 1-0

[Event "FRA Cup 0607"]
[Site "Toulouse"]
[Date "2007.03.25"]
[Round "3"]
[White "Golic, Nadil"]
[Black "Pastorelli, Loic"]
[Result "1-0"]
[WhiteElo "2000"]
[BlackElo "2008"]
[PlyCount "103"]
[EventDate "2007.??.??"]
[EventType "team-match"]
[EventCountry "FRA"]

1. d4 Nf6 2. c4 d6 3. Nc3 e5 4. d5 Bf5 5. Nf3 Be7 6. Nh4 Bg4 7. g3 O-O 8. Qc2
Na6 9. a3 Qd7 10. h3 Bh5 11. Bg2 Ne8 12. Nf5 Bg6 13. e4 c6 14. Be3 Nac7 15. h4
h6 16. Bh3 Qd8 17. Qe2 cxd5 18. cxd5 a6 19. Rc1 b5 20. O-O Bf6 21. Kh2 Rb8 22.
b4 Na8 23. h5 Bh7 24. Nb1 Nb6 25. Nd2 Bg5 26. Rc6 Bxf5 27. Bxf5 Bxe3 28. Qxe3
Qg5 29. Qxg5 hxg5 30. Rfc1 g6 31. Bg4 f5 32. exf5 gxf5 33. Be2 Rf6 34. Kg2 e4
35. g4 Nxd5 36. gxf5 Nf4+ 37. Kf1 Nxe2 38. Kxe2 Rxf5 39. Nxe4 Re5 40. Kf3 Rf5+
41. Kg3 d5 42. Nd6 Nxd6 43. Rxd6 Rbf8 44. Rc7 Rxf2 45. Rxd5 R2f3+ 46. Kg4 Rxa3
47. Rdd7 Re8 48. Rg7+ Kh8 49. Rh7+ Kg8 50. Rcg7+ Kf8 51. h6 Re4+ 52. Kf5 1-0

[Event "FRA Cup 0607"]
[Site "Toulouse"]
[Date "2007.03.25"]
[Round "3"]
[White "Carpentier, Jean Christophe"]
[Black "Bougouin, Blaise"]
[Result "0-1"]
[WhiteElo "2063"]
[BlackElo "1530"]
[PlyCount "86"]
[EventDate "2007.??.??"]
[EventType "team-match"]
[EventCountry "FRA"]

1. e4 b6 2. d4 e6 3. Nf3 Bb7 4. Bd3 c5 5. c3 Nc6 6. d5 exd5 7. exd5 Qe7+ 8. Qe2
Qxe2+ 9. Kxe2 Nce7 10. c4 O-O-O 11. Ne5 Nh6 12. Bxh6 gxh6 13. Nxf7 Ng6 14. Kd2
Bg7 15. Nc3 Rhf8 16. Nxd8 Rxf2+ 17. Be2 Kxd8 18. Raf1 Rxg2 19. Rhg1 Rxh2 20.
Rf7 Bxc3+ 21. bxc3 Ba6 22. Kd1 Kc7 23. Rf6 Rxe2 24. d6+ Kc6 25. Kxe2 Bxc4+ 26.
Ke3 h5 27. a3 h4 28. Rg5 Be6 29. Rh5 Kxd6 30. Rxh7 Ne5 31. Rxh4 b5 32. Ke2 a6
33. Rh8 Kc7 34. Rff8 Kb6 35. Rb8+ Ka5 36. Rh1 Nc4 37. Ra1 Ka4 38. Rc8 d6 39.
Rc6 a5 40. Kf2 Bf5 41. Kg3 Bc2 42. Kf4 Kb3 43. Ra6 Kxc3 0-1